Normal view MARC view
  • Royden, H. L

Entry Personal Name

Number of records used in: 1

001 - CONTROL NUMBER

  • control field: 103512

003 - CONTROL NUMBER IDENTIFIER

  • control field: NUST

005 - DATE AND TIME OF LATEST TRANSACTION

  • control field: 20221124134241.0

008 - FIXED-LENGTH DATA ELEMENTS

  • fixed length control field: 221124|| aca||aabn | a|a d

040 ## - CATALOGING SOURCE

  • Original cataloging agency: NUST
  • Transcribing agency: NUST

100 ## - HEADING--PERSONAL NAME

  • Personal name: Royden, H. L

670 ## - SOURCE DATA FOUND

  • Source citation: Work cat.: (NUST)182054: H.L. Royden 103511, Real analysis /, 1988
© 2023 Central Library, National University of Sciences and Technology. All Rights Reserved.